00822nam a2200205Ia 4500008004100000020001800041082001500059100003900074245006100113250002600174300003400200500008200234650013900316264002300455336002700478337003300505338002800538040003500566999001500601161108s9999 xx 000 0 und d a9789583510410 a340.1 M65i aMonroy Cabra, Marco Gerardo, 1940- aIntroducción al derecho /c Marco Gerardo Monroy Cabra aDecimosexta edición axxvi, 712 páginas ;c 24 cm aIncluye notas, bibliografía e índice de materias, autores y disposiciones aTeoria Del Derecho / Derecho / Derecho - Clasificacion / Jurisprudencia / Contratos - Legislacion - Colombia / Derecho Consuetudinario aBogotá :b Temis atextobtxt2rdacontent asin mediaciónbn2rdamedia avolumenbnc2rdacarrier aCO-BoRNBPbspaerdacCO-BoRNBP c7400d7400